Guess The Brand! #1 - Statistics

General Stats
  • This quiz has been taken 378 times
    377 since last reset
  • The average score is 21 of 24
Answer Stats
Picture Hint Answer % Correct
Web & Apps Amazon
99%
Electronics Apple
99%
Web & Apps Facebook
98%
Web & Apps Google
98%
Restaraunt Mcdonalds
97%
Web & Apps Twitter
97%
Drink Coca Cola
96%
Video Games Mario
96%
Restaraunt Burger King
95%
Web & Apps Ebay
95%
Food Pringles
95%
Restaraunt Starbucks
95%
Fashion Nike
94%
Video Games Nintendo
94%
Food Lays
93%
Video Games Playstation
93%
Electronics Android
92%
Electronics Microsoft
92%
Video Games Sonic
92%
Web & Apps Skype
90%
Video Games EA
85%
Food Hersheys
66%
Food Kinder
59%
Food Campbells
36%
No matching quizzes found
Score Distribution
Percent of People with Each Score
Percentile by Number Answered
Your Score History
You have not taken this quiz since the last reset